| 000 | 02140cam a22005294i 4500 | ||
|---|---|---|---|
| 003 | PE-LiUPU | ||
| 005 | 20250731172909.0 | ||
| 008 | 170504s1994 nyu rb 000 0 eng d | ||
| 020 | _a9780679426004 | ||
| 020 | _a0679426000 | ||
| 035 | _a(Sirsi) a167521 | ||
| 040 |
_aPE-LiUPU _bspa _cPE-LiUPU _erda |
||
| 049 | _aPRUA | ||
| 082 | 0 | 4 |
_a291.2 _bA74 _220 |
| 100 | 1 |
_aArmstrong, Karen., _eautor. |
|
| 245 | 1 | 2 |
_aA history of God : _bthe 4000-year quest of Judaism, Christianity, and Islam / _cby Karen Armstrong. |
| 264 | 1 |
_aNew York : _bA.A. Knopf : _bDistributed by Random House, _c1994. |
|
| 300 |
_axxiii, 460 páginas ; _c25 centimetros |
||
| 336 |
_atext _2rdacontent |
||
| 337 |
_aunmediated _2rdamedia |
||
| 338 |
_avolume _2rdacarrier |
||
| 504 | _aBibliografía : páginas 427-436. | ||
| 505 | 0 | _aIntroduction -- In the Beginning -- One God -- A ligbt to the gentiles -- Trinity: the christian God -- Unity: the God of Islam -- The God of the philosophers -- The God of the reformers -- Enlightenment -- The death of God? -- Does God have a future?. | |
| 526 | _aSEG42 | ||
| 526 | _aSEG41 | ||
| 526 | _aSEG40 | ||
| 526 | _aSEG39 | ||
| 526 | _aP94 | ||
| 526 | _aP87 | ||
| 526 | _aP86 | ||
| 526 | _aP85 | ||
| 526 | _aP77 | ||
| 526 | _aP76 | ||
| 526 | _aP35 | ||
| 650 | 0 |
_aDios _xEstudios comparativos. |
|
| 650 | 0 | 4 |
_aDios _xEnseñanza biblica. |
| 650 | 0 | 4 |
_aDios _xHistoria de doctrinas. |
| 650 | 0 | 4 |
_aDios (Islam) _xHistoria de doctrinas. |
| 650 | 0 | 4 |
_aDios (judaísmo) _xHistoria de doctrinas. |
| 910 |
_ajck _bjvq _cjck _d20170504. |
||
| 942 |
_2ddc _cBOOK |
||
| 949 |
_a291.2 A74 _wDEWEY _c1 _i75657 _lCATALOGING _mBUL _p12.00 _r0 _sY _tBOOK _u2017-05-04 _xTEOLOGIA _zPOSGRADO TEOLOGÍA _0COMPRA _o.CIRCNOTE. El documento es de alto precio. _o.STAFF. Colección Teología |
||
| 994 |
_aC0 _bPEPRU |
||
| 596 | _a1 | ||
| 999 |
_a291.2 A74 _wLC _c16250 _i75657 _d16250 _f2021-11-11 _g4 _lCCODEBUL1 _mBUL _p12.00 _r0 _sY _tBOOK _u2017-5-4 _xTEOLOGIA _PP85 _0DONACION _o.STAFF. Colección Teología |
||
| 980 |
_81 _gALBERTO SANCHEZ Responsable de Automatización |
||